El árbol del conocimiento: las bases biológicas del entendimiento humano

Guardat en:
Dades bibliogràfiques
Autors principals: Maturana Romesín, Humberto (autor), Varela G., Francisco (Autor)
Format: Llibre
Idioma:espanyol
Publicat: Santiago Universitaria 1995
Edició:12a. ed
Col·lecció:Fuera de Serie
Matèries:
Etiquetes: Afegir etiqueta
Sense etiquetes, Sigues el primer a etiquetar aquest registre!

MARC

LEADER 00000nam a2200000 a 4500
001 UCH4395
003 CL-VaPUC
008 090818e19950000CL |||||||||||||||||spa|d
082 0 4 |a 302.3  |b MAT  |2 21 
100 |a Maturana Romesín, Humberto  |e autor  |9 448877 
700 0 |a Varela G., Francisco  |e author  |9 539911 
245 1 3 |a El árbol del conocimiento: las bases biológicas del entendimiento humano 
250 |a 12a. ed 
300 |a 171 p 
942 |c BK 
945 |d 20090818 00:00:00  |a ccalabra 
260 |a Santiago  |b Universitaria  |c 1995 
650 0 |a Psicología evolutiva   |9 271069 
650 0 |a Metafísica  |9 265649 
650 0 |a Teoría del conocimiento   |9 255038 
650 7 |a PSICOLOGIA HUMANA  |2 CL-VaPUC  |9 399416 
650 0 |a Biología  |9 262022 
650 0 |a Neuropsicología  |9 270837 
650 7 |a PROCESOS MENTALES  |2 CL-VaPUC  |9 370472 
583 |a last modification  |c 20090818 00:00:00  |k Rodrigo Vera 
490 0 |a Fuera de Serie 
999 |c 335719  |d 335717